|
|
|
|
| LEADER |
00000nam0a2200000 4500 |
| 001 |
183582 |
| 005 |
20231101223752.0 |
| 010 |
|
|
|a 9785811410071
|
| 035 |
|
|
|a (RuTPU)RU\TPU\book\199001
|
| 090 |
|
|
|a 183582
|
| 100 |
|
|
|a 20100812d2010 m y0rusy50 ca
|
| 101 |
0 |
|
|a rus
|
| 102 |
|
|
|a RU
|
| 105 |
|
|
|a a j 001zy
|
| 200 |
1 |
|
|a Молекулярная физика
|e учебное пособие
|f А. Н. Матвеев
|
| 205 |
|
|
|a 4-е изд., стер.
|
| 210 |
|
|
|a СПб.
|c Лань
|d 2010
|
| 215 |
|
|
|a 365 с.
|c ил.
|
| 225 |
1 |
|
|a Учебники для вузов. Специальная литература
|
| 320 |
|
|
|a Предметный указатель: с. 358-360.
|
| 330 |
|
|
|a Книга представляет собой второй том курса общей физики (первый том — «Механика и теория относительности»). Изложены основные фундаментальные понятия и закономерности статистической физики и термодинамики на примере молекулярных систем. Подробный анализ классического распределения Максвелла-Больцмана и его следствий проводится в рамках микроканонического ансамбля систем. Каноническое распределение рассматривается как факультативный материал. Приведены также необходимые математические сведения и задачи для самостоятельного решения с ответами. Учебное пособие предназначено для студентов физических специальностей вузов.
|
| 451 |
|
1 |
|0 (RuTPU)RU\TPU\book\114519
|y 5-488-00283-9
|t Молекулярная физика
|o учебное пособие для вузов
|f А. Н. Матвеев
|c Москва
|n Оникс
|d 2006
|p 360 с.
|s Классический университетский учебник
|a Матвеев, Алексей Николаевич
|
| 606 |
1 |
|
|a Молекулярная физика
|2 stltpush
|3 (RuTPU)RU\TPU\subj\44299
|9 63655
|
| 610 |
1 |
|
|a системы многих частиц
|
| 610 |
1 |
|
|a флуктуации
|
| 610 |
1 |
|
|a распределение Максвелла
|
| 610 |
1 |
|
|a молекулярное движение
|
| 610 |
1 |
|
|a кинетика
|
| 610 |
1 |
|
|a давление
|
| 610 |
1 |
|
|a температура
|
| 610 |
1 |
|
|a распределение Больцмана
|
| 610 |
1 |
|
|a энергия
|
| 610 |
1 |
|
|a броуновское движение
|
| 610 |
1 |
|
|a распределение Максвела-Больцмана
|
| 610 |
1 |
|
|a распределение Ферми-Дирака
|
| 610 |
1 |
|
|a распределение Бозе-Эйнштейна
|
| 610 |
1 |
|
|a электронный газ
|
| 610 |
1 |
|
|a фотонный газ
|
| 610 |
1 |
|
|a термодинамика
|
| 610 |
1 |
|
|a теплоемкость
|
| 610 |
1 |
|
|a идеальный газ
|
| 610 |
1 |
|
|a энтропия
|
| 610 |
1 |
|
|a межмолекулярные взаимодействия
|
| 610 |
1 |
|
|a уравнения Клаузиуса-Клапейрона
|
| 610 |
1 |
|
|a уравнения Ван-дер- Ваальса
|
| 610 |
1 |
|
|a эффект Джоуля-Томсона
|
| 610 |
1 |
|
|a поверхностное натяжение
|
| 610 |
1 |
|
|a испарение
|
| 610 |
1 |
|
|a кипение
|
| 610 |
1 |
|
|a жидкости
|
| 610 |
1 |
|
|a жидкие кристаллы
|
| 610 |
1 |
|
|a жидкие растворы
|
| 610 |
1 |
|
|a твердые тела
|
| 610 |
1 |
|
|a симметрия
|
| 610 |
1 |
|
|a кристаллические решетки
|
| 610 |
1 |
|
|a дефекты
|
| 610 |
1 |
|
|a теплоемкость
|
| 610 |
1 |
|
|a кристаллизация
|
| 610 |
1 |
|
|a плавление
|
| 610 |
1 |
|
|a сплавы
|
| 610 |
1 |
|
|a полимеры
|
| 610 |
1 |
|
|a учебные пособия
|
| 675 |
|
|
|a 539.19(075.8)
|v 3
|
| 700 |
|
1 |
|a Матвеев
|b А. Н.
|g Алексей Николаевич
|
| 801 |
|
1 |
|a RU
|b 63413507
|c 20100812
|
| 801 |
|
2 |
|a RU
|b 63413507
|c 20151117
|g RCR
|
| 900 |
|
|
|a Молекулярная физика
|
| 942 |
|
|
|c BK
|
| 959 |
|
|
|a 48/20100812
|d 2
|e 599,94
|f АНЛ:1
|f ЧЗТЛ:1
|
| 959 |
|
|
|a 154/20121108
|d 20
|e 718,96
|f УФ:20
|